[Event "British Columbia-Washington m A"]
[Site "Victoria CAN"]
[Date "2017.01.15"]
[Round "4.5"]
[White "Ross, Paul"]
[Black "Collyer, Curt D"]
[Result "0-1"]
[WhiteElo "2334"]
[BlackElo "2293"]
[WhiteFideId "-1"]
[WhiteFideId "-1"]
[PlyCount "72"]
[GameId "2160767908478906"]
[EventDate "2017.01.13"]
[EventType "schev"]
[EventRounds "5"]
[EventCountry "CAN"]
[SourceTitle "EXT 2022"]
[Source "ChessBase"]
[SourceDate "2021.10.06"]
[SourceVersion "1"]
[SourceVersionDate "2021.10.06"]
[SourceQuality "1"]
[WhiteTeam "BC A"]
[BlackTeam "WA A"]
[WhiteTeamCountry "CAN"]
[BlackTeamCountry "CAN"]

1. g3 d5 2. Bg2 c6 3. f4 g6 4. Nf3 Qb6 5. a4 a5 6. e3 Bg7 7. d4 Nh6 8. O-O Nf5 9. Qe1 Nd6 10. Ne5 Nd7 11. Na3 Nf6 12. c4 dxc4 13. Naxc4 Qa6 14. b3 Be6 15. Nxd6+ exd6 16. Nc4 Bxc4 17. bxc4 Qxc4 18. Ba3 O-O 19. Bxd6 Rfe8 20. Be5 Nd5 21. Qd2 f6 22. Rfc1 Qb3 23. Bxd5+ Qxd5 24. Bc7 Bf8 25. Kf2 Kg7 26. Bb6 Bb4 27. Qd3 Re4 28. Bc5 Rae8 29. Bxb4 Rxe3 30. Qxe3 Rxe3 31. Kxe3 axb4 32. Rcb1 Qc4 33. a5 Qc3+ 34. Ke4 b3 35. Rc1 f5+ 36. Ke5 Qe3+ 0-1

[Event "British Columbia-Washington m A"]
[Site "Victoria CAN"]
[Date "2017.01.15"]
[Round "5.2"]
[White "Bragg, David"]
[Black "Sohal, Tanraj"]
[Result "0-1"]
[WhiteElo "2280"]
[BlackElo "2383"]
[WhiteFideId "-1"]
[WhiteFideId "-1"]
[PlyCount "60"]
[GameId "2160767908478908"]
[EventDate "2017.01.13"]
[EventType "schev"]
[EventRounds "5"]
[EventCountry "CAN"]
[SourceTitle "EXT 2022"]
[Source "ChessBase"]
[SourceDate "2021.10.06"]
[SourceVersion "1"]
[SourceVersionDate "2021.10.06"]
[SourceQuality "1"]
[WhiteTeam "WA A"]
[BlackTeam "BC A"]
[WhiteTeamCountry "CAN"]
[BlackTeamCountry "CAN"]

1. e4 c5 2. Nf3 e6 3. d4 cxd4 4. c3 Nf6 5. e5 Nd5 6. cxd4 d6 7. Be2 Nc6 8. exd6 Bxd6 9. O-O O-O 10. Nc3 h6 11. Qb3 b6 12. Be3 Nce7 13. Nxd5 Nxd5 14. Rac1 Qf6 15. Rc6 Rd8 16. Rfc1 Bb7 17. R6c2 Nb4 18. Rd2 Bd5 19. Qa4 Nxa2 20. Rcd1 Nb4 21. Ne5 Qe7 22. Bf4 Rac8 23. Bg3 Be4 24. Ra1 a5 25. Qb5 Nc2 26. Rf1 Bb4 27. Rdd1 Nxd4 28. Rxd4 Rxd4 29. Qxb6 Qc5 30. Qa6 Ra8 0-1

[Event "British Columbia-Washington m A"]
[Site "Victoria CAN"]
[Date "2017.01.15"]
[Round "5.3"]
[White "Morozov, Grigory"]
[Black "Tiglon, Bryce"]
[Result "0-1"]
[WhiteElo "2354"]
[BlackElo "2408"]
[WhiteFideId "-1"]
[WhiteFideId "-1"]
[PlyCount "68"]
[GameId "2160767908478909"]
[EventDate "2017.01.13"]
[EventType "schev"]
[EventRounds "5"]
[EventCountry "CAN"]
[SourceTitle "EXT 2022"]
[Source "ChessBase"]
[SourceDate "2021.10.06"]
[SourceVersion "1"]
[SourceVersionDate "2021.10.06"]
[SourceQuality "1"]
[WhiteTeam "BC A"]
[BlackTeam "WA A"]
[WhiteTeamCountry "CAN"]
[BlackTeamCountry "CAN"]

1. d4 Nf6 2. c4 g6 3. Nc3 d5 4. Bf4 Bg7 5. e3 O-O 6. cxd5 Nxd5 7. Nxd5 Qxd5 8. Bxc7 Bf5 9. Ne2 Na6 10. Nc3 Qc6 11. Bg3 Nb4 12. Rc1 Rac8 13. a3 Nd5 14. Be2 Nxc3 15. Rxc3 Qxg2 16. Bf3 Qh3 17. Bxb7 Rxc3 18. bxc3 e5 19. Qa4 Bc8 20. Bc6 Bf5 21. Qxa7 exd4 22. cxd4 Rc8 23. Qb7 h5 24. Kd2 h4 25. Bc7 Bxd4 26. Rc1 Bf6 27. a4 Be6 28. Be4 Bd8 29. Qb6 Bxc7 30. Rxc7 Rd8+ 31. Kc3 Qxh2 32. Rc5 Rb8 33. Bb7 Qxf2 34. Re5 Qf6 0-1

[Event "British Columbia-Washington m B"]
[Site "Victoria CAN"]
[Date "2017.01.13"]
[Round "1.1"]
[White "Norovsambuu, Badamkhand"]
[Black "Pauric, Ivan"]
[Result "1-0"]
[WhiteElo "2101"]
[BlackElo "1965"]
[WhiteFideId "-1"]
[WhiteFideId "-1"]
[PlyCount "59"]
[GameId "2160767908478912"]
[EventDate "2017.01.13"]
[EventType "team"]
[EventRounds "5"]
[EventCountry "CAN"]
[SourceTitle "EXT 2022"]
[Source "ChessBase"]
[SourceDate "2021.10.06"]
[SourceVersion "1"]
[SourceVersionDate "2021.10.06"]
[SourceQuality "1"]

1. d4 b6 2. c4 Bb7 3. Nc3 e6 4. e4 Bb4 5. Bd3 Bxc3+ 6. bxc3 f5 7. d5 fxe4 8. Bxe4 Nf6 9. Bg5 O-O 10. Bc2 exd5 11. cxd5 Qe8+ 12. Ne2 Nxd5 13. Qd3 g6 14. Bb3 c6 15. h4 Na6 16. Be3 Nc5 17. Bxc5 bxc5 18. h5 a5 19. Bc4 Kg7 20. h6+ Kh8 21. O-O d6 22. Ng3 Bc8 23. Bxd5 cxd5 24. Qxd5 Ra6 25. Rae1 Qc6 26. Qg5 Ra7 27. Re7 Rc7 28. Rfe1 Bb7 29. f3 c4 30. Qf6+ 1-0

[Event "British Columbia-Washington m B"]
[Site "Victoria CAN"]
[Date "2017.01.13"]
[Round "1.2"]
[White "Murray, Mike"]
[Black "Hiebert, Kenji"]
[Result "0-1"]
[WhiteElo "2077"]
[BlackElo "2038"]
[WhiteFideId "-1"]
[WhiteFideId "-1"]
[PlyCount "136"]
[GameId "2160767908478913"]
[EventDate "2017.01.13"]
[EventType "team"]
[EventRounds "5"]
[EventCountry "CAN"]
[SourceTitle "EXT 2022"]
[Source "ChessBase"]
[SourceDate "2021.10.06"]
[SourceVersion "1"]
[SourceVersionDate "2021.10.06"]
[SourceQuality "1"]

1. e4 c5 2. Nc3 Nc6 3. g3 g6 4. d3 Bg7 5. Bg2 d6 6. Nge2 e6 7. f4 Nge7 8. O-O O-O 9. a3 b6 10. Rb1 Bb7 11. b4 Rc8 12. b5 Nd4 13. Be3 Nxe2+ 14. Nxe2 d5 15. c4 Rc7 16. Qc2 Qa8 17. Rbd1 dxc4 18. dxc4 f5 19. Nc3 fxe4 20. Bxe4 Bxe4 21. Nxe4 Nf5 22. Bc1 Nd4 23. Qg2 e5 24. Nc3 Qxg2+ 25. Kxg2 exf4 26. Nd5 f3+ 27. Rxf3 Rxf3 28. Nxc7 Rc3 29. Bf4 Rxc4 30. Ne8 Rc3 31. Nxg7 Kxg7 32. a4 Rc4 33. a5 bxa5 34. Bb8 Nxb5 35. Rd7+ Kh6 36. h4 g5 37. hxg5+ Kxg5 38. Rxh7 a4 39. Bf4+ Kf5 40. Kf3 a3 41. g4+ Kg6 42. Rh6+ Kg7 43. g5 Nd4+ 44. Kf2 Rc2+ 45. Kf1 a2 46. Ra6 Nb3 47. Rxa7+ Kg8 48. Ra8+ Kf7 49. Ra7+ Ke8 50. Ra8+ Ke7 51. Ra7+ Ke6 52. Ra6+ Kf7 53. Ra7+ Kg6 54. Ra6+ Kf5 55. g6 Kxf4 56. g7 Nd2+ 57. Ke2 Ne4+ 58. Kd3 Rc3+ 59. Ke2 Rg3 60. Kd1 Rxg7 61. Kc2 Rg1 62. Rxa2 Rg2+ 63. Kb3 Rxa2 64. Kxa2 Ke3 65. Kb2 Kd3 66. Kc1 c4 67. Kd1 c3 68. Kc1 c2 0-1

[Event "British Columbia-Washington m B"]
[Site "Victoria CAN"]
[Date "2017.01.13"]
[Round "1.3"]
[White "Trandafir, Stefan"]
[Black "Williamson, Jason"]
[Result "1-0"]
[WhiteElo "1851"]
[BlackElo "2028"]
[WhiteFideId "-1"]
[WhiteFideId "-1"]
[PlyCount "41"]
[GameId "2160767908478914"]
[EventDate "2017.01.13"]
[EventType "team"]
[EventRounds "5"]
[EventCountry "CAN"]
[SourceTitle "EXT 2022"]
[Source "ChessBase"]
[SourceDate "2021.10.06"]
[SourceVersion "1"]
[SourceVersionDate "2021.10.06"]
[SourceQuality "1"]

1. d4 Nf6 2. Nf3 e6 3. e3 b6 4. Bd3 Be7 5. O-O Bb7 6. Nbd2 O-O 7. e4 c5 8. c3 d5 9. e5 Ne4 10. Re1 Nxd2 11. Bxd2 Ba6 12. Bc2 Nd7 13. Rc1 Rc8 14. Bb1 cxd4 15. cxd4 Re8 16. Qa4 Nb8 17. Rxc8 Bxc8 18. Qxa7 Bd7 19. Rc1 Bc6 20. Bd3 Bf8 21. Bxh7+ 1-0

[Event "British Columbia-Washington m B"]
[Site "Victoria CAN"]
[Date "2017.01.13"]
[Round "1.4"]
[White "Kagaoan, Jose"]
[Black "Mayer, Jacob"]
[Result "1-0"]
[WhiteElo "1996"]
[BlackElo "1710"]
[WhiteFideId "-1"]
[WhiteFideId "-1"]
[PlyCount "49"]
[GameId "2160767908478915"]
[EventDate "2017.01.13"]
[EventType "team"]
[EventRounds "5"]
[EventCountry "CAN"]
[SourceTitle "EXT 2022"]
[Source "ChessBase"]
[SourceDate "2021.10.06"]
[SourceVersion "1"]
[SourceVersionDate "2021.10.06"]
[SourceQuality "1"]

1. d4 Nf6 2. e3 g6 3. f4 d6 4. Nf3 Bg7 5. Bd3 O-O 6. c4 c5 7. Nc3 Re8 8. O-O Nbd7 9. d5 e5 10. dxe6 fxe6 11. e4 Nb6 12. Qe2 Nfd7 13. Nb5 Nb8 14. e5 dxe5 15. fxe5 Nc6 16. Bg5 Qd7 17. Rad1 Nd4 18. Nfxd4 cxd4 19. Nd6 Rf8 20. Rxf8+ Bxf8 21. Rf1 Bxd6 22. exd6 Qxd6 23. Qf3 Nd7 24. Qf7+ Kh8 25. Qe8+ 1-0

[Event "British Columbia-Washington m B"]
[Site "Victoria CAN"]
[Date "2017.01.13"]
[Round "1.5"]
[White "Ozkan, Charlie"]
[Black "Seshadri, Sridhar"]
[Result "1/2-1/2"]
[WhiteElo "1947"]
[BlackElo "1672"]
[WhiteFideId "-1"]
[WhiteFideId "-1"]
[PlyCount "71"]
[GameId "2160767908478916"]
[EventDate "2017.01.13"]
[EventType "team"]
[EventRounds "5"]
[EventCountry "CAN"]
[SourceTitle "EXT 2022"]
[Source "ChessBase"]
[SourceDate "2021.10.06"]
[SourceVersion "1"]
[SourceVersionDate "2021.10.06"]
[SourceQuality "1"]

1. c4 Nf6 2. Nc3 g6 3. Nf3 Bg7 4. d4 d5 5. Bg5 c6 6. Bxf6 exf6 7. e3 O-O 8. Be2 Be6 9. Qb3 b6 10. O-O Re8 11. cxd5 cxd5 12. Rac1 Nc6 13. Bb5 Na5 14. Qa4 Re7 15. Nd2 Rc8 16. Ba6 Rcc7 17. Nb5 Rxc1 18. Rxc1 Bd7 19. Qd1 Bxb5 20. Rc8 Qxc8 21. Bxc8 Rc7 22. Bg4 Bf8 23. g3 Ba6 24. Be2 Bxe2 25. Qxe2 Rc2 26. Qd3 Rxb2 27. Nf3 Rxa2 28. Qa6 Ra1+ 29. Kg2 Ra3 30. Qxa7 Nc4 31. Qb7 Ra2 32. h4 Nxe3+ 33. Kg1 Ra1+ 34. Kh2 Ra2 35. Kg1 Ra1+ 36. Kh2 1/2-1/2

[Event "British Columbia-Washington m B"]
[Site "Victoria CAN"]
[Date "2017.01.14"]
[Round "2.1"]
[White "Hiebert, Kenji"]
[Black "Norovsambuu, Badamkhand"]
[Result "0-1"]
[WhiteElo "2038"]
[BlackElo "2101"]
[WhiteFideId "-1"]
[WhiteFideId "-1"]
[PlyCount "92"]
[GameId "2160767908478917"]
[EventDate "2017.01.13"]
[EventType "team"]
[EventRounds "5"]
[EventCountry "CAN"]
[SourceTitle "EXT 2022"]
[Source "ChessBase"]
[SourceDate "2021.10.06"]
[SourceVersion "1"]
[SourceVersionDate "2021.10.06"]
[SourceQuality "1"]

1. e4 c6 2. d4 d5 3. Nd2 dxe4 4. Nxe4 Bf5 5. Ng3 Bg6 6. Nh3 Nf6 7. Bc4 e6 8. Nf4 Bd6 9. c3 Qc7 10. Qf3 Nbd7 11. Bb3 Nd5 12. Nxg6 hxg6 13. Ne4 N7f6 14. Nxd6+ Qxd6 15. h3 O-O 16. O-O Nd7 17. Bg5 b5 18. Rfe1 N7b6 19. h4 f6 20. Bd2 Kf7 21. h5 Rh8 22. hxg6+ Kxg6 23. g3 Kf7 24. a4 Nc4 25. Bc1 a5 26. Bc2 f5 27. axb5 cxb5 28. b3 Ncb6 29. Bg5 Nf6 30. Re5 Nbd5 31. Rae1 Rae8 32. Bd2 g6 33. c4 bxc4 34. bxc4 Nb4 35. Ba4 Re7 36. Rxa5 Ng4 37. Rb1 Na6 38. Bf4 Qxd4 39. Rxa6 Nxf2 40. Qe3 Nh3+ 41. Kg2 Qxc4 42. Rbb6 Nxf4+ 43. gxf4 Qa2+ 44. Kg1 Qa1+ 45. Kg2 Qh1+ 46. Kf2 Rh2+ 0-1

[Event "British Columbia-Washington m B"]
[Site "Victoria CAN"]
[Date "2017.01.14"]
[Round "2.2"]
[White "Williamson, Jason"]
[Black "Murray, Mike"]
[Result "1/2-1/2"]
[WhiteElo "2028"]
[BlackElo "2077"]
[WhiteFideId "-1"]
[WhiteFideId "-1"]
[PlyCount "90"]
[GameId "2160767908478918"]
[EventDate "2017.01.13"]
[EventType "team"]
[EventRounds "5"]
[EventCountry "CAN"]
[SourceTitle "EXT 2022"]
[Source "ChessBase"]
[SourceDate "2021.10.06"]
[SourceVersion "1"]
[SourceVersionDate "2021.10.06"]
[SourceQuality "1"]

1. e4 Nc6 2. d4 e5 3. Nf3 exd4 4. Nxd4 g6 5. Nc3 Bg7 6. Be3 Nf6 7. Bc4 O-O 8. f3 Re8 9. Qd2 d5 10. Bxd5 Nxd5 11. Nxc6 bxc6 12. exd5 cxd5 13. O-O-O c6 14. Bd4 Qa5 15. Bxg7 Kxg7 16. Qd4+ f6 17. h4 Rb8 18. h5 Qb6 19. Qxb6 axb6 20. hxg6 hxg6 21. Rd4 Be6 22. Rdh4 Bg8 23. Kd2 Re7 24. Ra4 c5 25. Nb5 Rbe8 26. Ra6 d4 27. Rxb6 Re2+ 28. Kd1 d3 29. Rb7+ Kf8 30. Nd6 dxc2+ 31. Kc1 R8e7 32. a4 Rxb7 33. Nxb7 Rxg2 34. a5 Bd5 35. a6 Bxf3 36. Re1 Rh2 37. Nxc5 Rh1 38. Rxh1 Bxh1 39. b4 Ke7 40. b5 Kd6 41. b6 Kc6 42. b7 Kc7 43. Kxc2 g5 44. Kd2 g4 45. Nd7 Bxb7 1/2-1/2

[Event "British Columbia-Washington m B"]
[Site "Victoria CAN"]
[Date "2017.01.14"]
[Round "2.3"]
[White "Kagaoan, Jose"]
[Black "Trandafir, Stefan"]
[Result "0-1"]
[WhiteElo "1996"]
[BlackElo "1851"]
[WhiteFideId "-1"]
[WhiteFideId "-1"]
[PlyCount "58"]
[GameId "2160767908478919"]
[EventDate "2017.01.13"]
[EventType "team"]
[EventRounds "5"]
[EventCountry "CAN"]
[SourceTitle "EXT 2022"]
[Source "ChessBase"]
[SourceDate "2021.10.06"]
[SourceVersion "1"]
[SourceVersionDate "2021.10.06"]
[SourceQuality "1"]

1. d4 f5 2. e4 d6 3. Bc4 Nf6 4. f3 fxe4 5. fxe4 Bg4 6. Qd3 Nbd7 7. Qb3 e6 8. Bxe6 Bxe6 9. Qxe6+ Qe7 10. Qxe7+ Bxe7 11. Nc3 O-O 12. Nf3 Rae8 13. O-O Bd8 14. Re1 c5 15. d5 Ba5 16. Rb1 b6 17. Nd2 Bxc3 18. bxc3 Nxd5 19. Bb2 N5f6 20. Rbd1 Re6 21. Re3 d5 22. c4 d4 23. Ra3 Nxe4 24. Nxe4 Rxe4 25. Rxa7 Ne5 26. Ra4 Re2 27. Ba1 h6 28. h3 Rff2 29. Ra8+ Kh7 0-1

[Event "British Columbia-Washington m B"]
[Site "Victoria CAN"]
[Date "2017.01.14"]
[Round "2.4"]
[White "Mayer, Jacob"]
[Black "Ozkan, Charlie"]
[Result "1/2-1/2"]
[WhiteElo "1710"]
[BlackElo "1947"]
[WhiteFideId "-1"]
[WhiteFideId "-1"]
[PlyCount "57"]
[GameId "2160767908478920"]
[EventDate "2017.01.13"]
[EventType "team"]
[EventRounds "5"]
[EventCountry "CAN"]
[SourceTitle "EXT 2022"]
[Source "ChessBase"]
[SourceDate "2021.10.06"]
[SourceVersion "1"]
[SourceVersionDate "2021.10.06"]
[SourceQuality "1"]

1. e4 c5 2. c4 Nc6 3. Ne2 g6 4. d4 cxd4 5. Nxd4 Bg7 6. Be3 Nf6 7. Nc3 O-O 8. Be2 d6 9. O-O Bd7 10. f3 Ne8 11. Qd2 Nc7 12. Rac1 Ne6 13. Nxc6 bxc6 14. b4 a6 15. Rfd1 Qb8 16. a3 Rd8 17. Rb1 Qc7 18. a4 Be8 19. a5 c5 20. Nd5 Qa7 21. b5 axb5 22. cxb5 Qxa5 23. Qxa5 Rxa5 24. Nxe7+ Kf8 25. Nd5 Nd4 26. Bxd4 Bxd4+ 27. Kf1 Rb8 28. Nc7 Bd7 29. b6 1/2-1/2

[Event "British Columbia-Washington m B"]
[Site "Victoria CAN"]
[Date "2017.01.14"]
[Round "2.5"]
[White "Seshadri, Sridhar"]
[Black "Pauric, Ivan"]
[Result "1/2-1/2"]
[WhiteElo "1672"]
[BlackElo "1965"]
[WhiteFideId "-1"]
[WhiteFideId "-1"]
[PlyCount "94"]
[GameId "2160767908478921"]
[EventDate "2017.01.13"]
[EventType "team"]
[EventRounds "5"]
[EventCountry "CAN"]
[SourceTitle "EXT 2022"]
[Source "ChessBase"]
[SourceDate "2021.10.06"]
[SourceVersion "1"]
[SourceVersionDate "2021.10.06"]
[SourceQuality "1"]

1. d4 b6 2. Nf3 Bb7 3. g3 e6 4. Bg2 f5 5. O-O Nf6 6. c4 Be7 7. Nc3 O-O 8. d5 Ne4 9. Nxe4 fxe4 10. Ne1 exd5 11. cxd5 Bf6 12. Bxe4 d6 13. Qc2 h6 14. Be3 Nd7 15. Nd3 Nc5 16. Nxc5 bxc5 17. Rab1 a5 18. a4 Qe7 19. Bf3 Bc8 20. Rfe1 Be5 21. Bd2 Qf6 22. Bc3 Bf5 23. e4 Bd7 24. Bg2 Bd4 25. Bxd4 Qxd4 26. b3 Rab8 27. Rbd1 Qf6 28. Re3 Rfe8 29. Qe2 Rb6 30. Qf1 Reb8 31. Bh3 Be8 32. Be6+ Kh8 33. Rdd3 Bg6 34. f3 Rb4 35. Qd1 Qb2 36. Bd7 Rf8 37. Re2 Qf6 38. Bb5 Bh7 39. Bc4 g5 40. Rde3 Bg6 41. Qf1 Qe5 42. Qh3 Kh7 43. Kg2 Rbb8 44. Bb5 Be8 45. Bd7 Kg7 46. Bxe8 Rbxe8 47. Qg4 Kh7 1/2-1/2

[Event "British Columbia-Washington m B"]
[Site "Victoria CAN"]
[Date "2017.01.14"]
[Round "3.1"]
[White "Norovsambuu, Badamkhand"]
[Black "Williamson, Jason"]
[Result "1-0"]
[WhiteElo "2101"]
[BlackElo "2028"]
[WhiteFideId "-1"]
[WhiteFideId "-1"]
[PlyCount "39"]
[GameId "2160767908478922"]
[EventDate "2017.01.13"]
[EventType "team"]
[EventRounds "5"]
[EventCountry "CAN"]
[SourceTitle "EXT 2022"]
[Source "ChessBase"]
[SourceDate "2021.10.06"]
[SourceVersion "1"]
[SourceVersionDate "2021.10.06"]
[SourceQuality "1"]

1. d4 Nf6 2. c4 g6 3. Nc3 Bg7 4. e4 d6 5. Nf3 O-O 6. Be2 e5 7. dxe5 dxe5 8. Qxd8 Rxd8 9. Bg5 c6 10. Nxe5 Re8 11. O-O-O Nxe4 12. Nxe4 Bxe5 13. Nd6 Bxb2+ 14. Kb1 Bf5+ 15. Nxf5 gxf5 16. Bh5 Bc3 17. Rd3 Ba5 18. Rg3 Kf8 19. Bh6+ Ke7 20. Re3+ 1-0

[Event "British Columbia-Washington m B"]
[Site "Victoria CAN"]
[Date "2017.01.14"]
[Round "3.2"]
[White "Murray, Mike"]
[Black "Kagaoan, Jose"]
[Result "1/2-1/2"]
[WhiteElo "2077"]
[BlackElo "1996"]
[WhiteFideId "-1"]
[WhiteFideId "-1"]
[PlyCount "92"]
[GameId "2160767908478923"]
[EventDate "2017.01.13"]
[EventType "team"]
[EventRounds "5"]
[EventCountry "CAN"]
[SourceTitle "EXT 2022"]
[Source "ChessBase"]
[SourceDate "2021.10.06"]
[SourceVersion "1"]
[SourceVersionDate "2021.10.06"]
[SourceQuality "1"]

1. e4 b6 2. Nc3 e6 3. f4 Bb7 4. Nf3 d6 5. d3 Nd7 6. g3 g6 7. Bg2 Bg7 8. O-O Ne7 9. Qe2 O-O 10. Bd2 a6 11. Rae1 c5 12. Nd1 Nc6 13. c3 b5 14. Ne3 Re8 15. f5 exf5 16. exf5 Nf6 17. fxg6 hxg6 18. Qf2 Qc7 19. g4 Ne5 20. Nxe5 Rxe5 21. Qh4 Bxg2 22. Kxg2 Qb7+ 23. Kg1 Nd5 24. Qg3 Nxe3 25. Rxe3 Rxe3 26. Qxe3 Qd5 27. Qf3 Qxf3 28. Rxf3 Re8 29. Re3 Kf8 30. Rxe8+ Kxe8 31. Kg2 Kd7 32. h4 Ke6 33. Kf3 Kd5 34. h5 Ke6 35. h6 Bh8 36. Ke4 d5+ 37. Kf4 Be5+ 38. Kf3 Kf6 39. g5+ Kf5 40. h7 Bg7 41. Kg3 Be5+ 42. Kh4 Bg7 43. Be3 d4 44. cxd4 cxd4 45. Bd2 f6 46. Bc1 Bh8 1/2-1/2

[Event "British Columbia-Washington m B"]
[Site "Victoria CAN"]
[Date "2017.01.14"]
[Round "3.3"]
[White "Ozkan, Charlie"]
[Black "Trandafir, Stefan"]
[Result "1/2-1/2"]
[WhiteElo "1947"]
[BlackElo "1851"]
[WhiteFideId "-1"]
[WhiteFideId "-1"]
[PlyCount "116"]
[GameId "2160767908478924"]
[EventDate "2017.01.13"]
[EventType "team"]
[EventRounds "5"]
[EventCountry "CAN"]
[SourceTitle "EXT 2022"]
[Source "ChessBase"]
[SourceDate "2021.10.06"]
[SourceVersion "1"]
[SourceVersionDate "2021.10.06"]
[SourceQuality "1"]

1. Nf3 f5 2. d4 Nf6 3. g3 e6 4. Bg2 d5 5. O-O Bd6 6. b3 Qe7 7. Bb2 O-O 8. c4 c6 9. Ne5 Nbd7 10. Nd2 Ne4 11. f3 Nxd2 12. Qxd2 Nxe5 13. dxe5 Bc5+ 14. Kh1 dxc4 15. bxc4 Rd8 16. Qc2 b6 17. Rad1 Bb7 18. e4 Rxd1 19. Rxd1 fxe4 20. Qxe4 Rd8 21. Rd3 Bb4 22. Bh3 Rd7 23. Kg2 Qf7 24. Kf2 Bf8 25. Ke2 c5 26. Qe3 Ba6 27. Rxd7 Qxd7 28. Qd3 Qxd3+ 29. Kxd3 Kf7 30. f4 g6 31. Bg2 h5 32. Bc6 Bh6 33. Bc1 Bg7 34. a4 Ke7 35. Bd2 Bc8 36. a5 Bd7 37. Be4 Kf7 38. axb6 axb6 39. Be3 Bf8 40. Kc3 Bg7 41. Bf3 Bh6 42. h3 Bg7 43. g4 hxg4 44. hxg4 Bh6 45. g5 Bf8 46. Kb3 Bg7 47. Ka3 Bh8 48. Bd1 Bg7 49. Ba4 Ke7 50. Bc2 Kf7 51. Bf2 Bh8 52. Be1 Bg7 53. Bb1 Bh8 54. Be4 Bg7 55. Bb7 Bh8 56. Be4 Bg7 57. Bc2 Bh8 58. Ba4 Ke7 1/2-1/2

[Event "British Columbia-Washington m B"]
[Site "Victoria CAN"]
[Date "2017.01.14"]
[Round "3.4"]
[White "Pauric, Ivan"]
[Black "Mayer, Jacob"]
[Result "1/2-1/2"]
[WhiteElo "1965"]
[BlackElo "1710"]
[WhiteFideId "-1"]
[WhiteFideId "-1"]
[PlyCount "47"]
[GameId "2160767908478925"]
[EventDate "2017.01.13"]
[EventType "team"]
[EventRounds "5"]
[EventCountry "CAN"]
[SourceTitle "EXT 2022"]
[Source "ChessBase"]
[SourceDate "2021.10.06"]
[SourceVersion "1"]
[SourceVersionDate "2021.10.06"]
[SourceQuality "1"]

1. d4 Nf6 2. Bf4 g6 3. h3 Bg7 4. Nf3 O-O 5. e3 d5 6. Nbd2 c5 7. c3 Nc6 8. Ne5 cxd4 9. Nxc6 bxc6 10. cxd4 Nd7 11. Nf3 Qb6 12. b3 c5 13. Rc1 cxd4 14. exd4 Ba6 15. Bxa6 Qxa6 16. Qe2 Qxe2+ 17. Kxe2 Rac8 18. Kd3 f6 19. Rxc8 Rxc8 20. Rc1 Rxc1 21. Bxc1 e5 22. Ne1 Kf7 23. Bb2 Ke6 24. f3 1/2-1/2

[Event "British Columbia-Washington m B"]
[Site "Victoria CAN"]
[Date "2017.01.14"]
[Round "3.5"]
[White "Seshadri, Sridhar"]
[Black "Hiebert, Kenji"]
[Result "0-1"]
[WhiteElo "1672"]
[BlackElo "2038"]
[WhiteFideId "-1"]
[WhiteFideId "-1"]
[PlyCount "74"]
[GameId "2160767908478926"]
[EventDate "2017.01.13"]
[EventType "team"]
[EventRounds "5"]
[EventCountry "CAN"]
[SourceTitle "EXT 2022"]
[Source "ChessBase"]
[SourceDate "2021.10.06"]
[SourceVersion "1"]
[SourceVersionDate "2021.10.06"]
[SourceQuality "1"]

1. d4 Nf6 2. Nf3 e6 3. Bg5 h6 4. Bh4 c5 5. e3 cxd4 6. Nxd4 d5 7. Bb5+ Bd7 8. Qe2 Be7 9. O-O O-O 10. Nc3 Bxb5 11. Qxb5 Qd7 12. Bg3 Nc6 13. Nxc6 bxc6 14. Qd3 Nh5 15. Ne2 Nxg3 16. Nxg3 Rab8 17. b3 c5 18. c4 Rfd8 19. Rad1 a5 20. cxd5 exd5 21. Ne4 Qc6 22. Ng3 a4 23. Nf5 Bf8 24. Qc3 axb3 25. axb3 Qb7 26. Rb1 g6 27. Ng3 c4 28. bxc4 Qxb1 29. Rxb1 Rxb1+ 30. Nf1 dxc4 31. g3 Rdd1 32. Qxc4 Rxf1+ 33. Kg2 Rfc1 34. Qd4 Rc2 35. Kf3 Rbb2 36. h4 Rxf2+ 37. Kg4 h5+ 0-1

[Event "British Columbia-Washington m B"]
[Site "Victoria CAN"]
[Date "2017.01.15"]
[Round "4.2"]
[White "Ozkan, Charlie"]
[Black "Murray, Mike"]
[Result "1/2-1/2"]
[WhiteElo "1947"]
[BlackElo "2077"]
[WhiteFideId "-1"]
[WhiteFideId "-1"]
[PlyCount "54"]
[GameId "2160767908478928"]
[EventDate "2017.01.13"]
[EventType "team"]
[EventRounds "5"]
[EventCountry "CAN"]
[SourceTitle "EXT 2022"]
[Source "ChessBase"]
[SourceDate "2021.10.06"]
[SourceVersion "1"]
[SourceVersionDate "2021.10.06"]
[SourceQuality "1"]

1. c4 Nc6 2. g3 e5 3. Bg2 d6 4. Nc3 Be6 5. d3 Qd7 6. Nf3 Bh3 7. O-O h5 8. Nd5 O-O-O 9. b4 h4 10. Bxh3 Qxh3 11. Ng5 Qd7 12. b5 Nd4 13. e3 Ne6 14. e4 Nxg5 15. Bxg5 Be7 16. Be3 Qh3 17. g4 Kd7 18. f3 g6 19. d4 f5 20. c5 Nf6 21. c6+ bxc6 22. bxc6+ Ke8 23. Nxc7+ Kf7 24. g5 Nxe4 25. Qb3+ d5 26. fxe4 Qg4+ 27. Kf2 Qxe4 1/2-1/2

[Event "British Columbia-Washington m B"]
[Site "Victoria CAN"]
[Date "2017.01.15"]
[Round "4.3"]
[White "Trandafir, Stefan"]
[Black "Pauric, Ivan"]
[Result "1/2-1/2"]
[WhiteElo "1851"]
[BlackElo "1965"]
[WhiteFideId "-1"]
[WhiteFideId "-1"]
[PlyCount "87"]
[GameId "2160767908478929"]
[EventDate "2017.01.13"]
[EventType "team"]
[EventRounds "5"]
[EventCountry "CAN"]
[SourceTitle "EXT 2022"]
[Source "ChessBase"]
[SourceDate "2021.10.06"]
[SourceVersion "1"]
[SourceVersionDate "2021.10.06"]
[SourceQuality "1"]

1. d4 b6 2. Nf3 Bb7 3. e3 e6 4. Bd3 f5 5. O-O Nf6 6. Re1 Be7 7. Nbd2 O-O 8. e4 fxe4 9. Nxe4 Nxe4 10. Bxe4 Bxe4 11. Rxe4 Nc6 12. c3 Bf6 13. Bf4 Ne7 14. Qa4 a6 15. c4 Ng6 16. Bg3 Re8 17. Rae1 Nh8 18. R1e2 b5 19. Qa5 c6 20. Bc7 Qc8 21. b3 Qb7 22. Qb6 Qxb6 23. Bxb6 bxc4 24. bxc4 Reb8 25. c5 Ng6 26. Ne5 Rb7 27. a4 Bxe5 28. dxe5 a5 29. R4e3 Ne7 30. Rb3 Nd5 31. Rd2 Kf7 32. f4 Ke7 33. g3 Rbb8 34. Rdb2 Rf8 35. h4 h6 36. Rh2 h5 37. Rd2 Kf7 38. Kg2 Kg6 39. Kf3 Kf5 40. Rh2 Rh8 41. Rd2 Rh6 42. Rh2 Rg6 43. Rd2 Rg4 44. Rh2 1/2-1/2